000 00519nam a2200193Ia 4500
999 _c30375
_d30375
003 OSt
005 20201020131258.0
008 190216s9999||||xx |||||||||||||| ||und||
020 _a9780195698435
040 _coclc
082 _a894.81171
_bBAM/S
100 _aBama
_95754
245 0 _aSangati Events /
_cBama
250 _a1st Ed.
260 _bOxford University Press ,
_c2005.
_aNew Delhi:
300 _a126p
650 _aNovel
942 _cBK
_2ddc
_h894.81171
_iBAM/S
_k894.81171
_mBAM/S